000 00445nam a2200181Ia 4500
008 230524s9999 xx 000 0 und d
020 _a9780070620049
082 _a174.4
_bHAR
100 _aLaura P Hartman
245 0 _a"Business Ethics (Perspectives in), "
250 _a3RD
260 _aNEW DELHI
_bTMH
_c2008
300 _aX;475
500 _aQuantity Number: 5
650 _aManagement
700 _a Abha Chatterjee
942 _cBK
999 _c45065
_d45065